00314nam a2200097Ia 4500008004100000100001900041245006500060245003500125260000900160856004700169160531s9999 xx 000 0 und d aBengt, Friman. aIntroduction to the physics of hot and dense hadronic matter cby Bengt Friman & Jörn Knoll c2012 uhttp://theory.gsi.de/~knoll/Lecture-notes/